Normal view
MARC view
Entry Personal Name
001 - CONTROL NUMBER
- control field: 178002
003 - CONTROL NUMBER IDENTIFIER
- control field: OSt
005 - DATE AND TIME OF LATEST TRANSACTION
- control field: 20240827114057.0
008 - FIXED-LENGTH DATA ELEMENTS
- fixed length control field: 240827|| aca||aabn | a|a d
040 ## - CATALOGING SOURCE
- Original cataloging agency: OSt
- Transcribing agency: OSt
100 ## - HEADING--PERSONAL NAME
- Personal name: Tejas Poonia तेजस पूनियां
670 ## - SOURCE DATA FOUND
- Source citation: Work cat.: (OSt): Tejas Poonia तेजस पूनियां , Bhartiya cinema : sahitya sanskriti aur paridrishya भारतीय सिनेमा :साहित्य संस्कृति और परिदृश्य , 2022